[Event "CHN-ch Gp-B"]
[Site "Liaocheng"]
[Date "2024.04.25"]
[Round "9"]
[White "Li, Yinuo"]
[Black "Chan, Wang Ip Boris"]
[Result "1/2-1/2"]
[WhiteElo "1675"]
[BlackElo "2011"]
[PlyCount "54"]
[EventDate "2024.04.21"]
[EventType "swiss"]
[EventRounds "11"]
[EventCountry "CHN"]
[SourceTitle "CB18_2024"]
[SourceDate "2024.05.01"]
[SourceVersion "1"]
[SourceVersionDate "2024.05.01"]
[SourceQuality "2"]

1. d4 Nf6 2. Bf4 c5 3. c3 d5 4. e3 Nc6 5. Nd2 Bf5 6. Qb3 Qd7 7. Bb5 c4 8. Qa4 a6 9. Bxc6 Qxc6 10. Qxc6+ bxc6 11. b3 cxb3 12. axb3 e6 13. b4 Bd3 14. Ngf3 Nd7 15. Ne5 Nxe5 16. Bxe5 Kd7 17. Nb3 f6 18. Bg3 h5 19. h4 Be7 20. f3 Ra7 21. Kf2 Bc4 22. Nd2 Bd3 23. Nb3 Bc4 24. Nd2 Bd3 25. Nb3 Bc4 26. Nd2 Bd3 27. Nb3 Bc4 1/2-1/2

[Event "CHN-ch Gp-B"]
[Site "Liaocheng"]
[Date "2024.04.24"]
[Round "7"]
[White "Zhou, Yuxu"]
[Black "Chan, Wang Ip Boris"]
[Result "1/2-1/2"]
[WhiteElo "1789"]
[BlackElo "2011"]
[PlyCount "64"]
[EventDate "2024.04.21"]
[EventType "swiss"]
[EventRounds "11"]
[EventCountry "CHN"]
[SourceTitle "CB18_2024"]
[SourceDate "2024.05.01"]
[SourceVersion "1"]
[SourceVersionDate "2024.05.01"]
[SourceQuality "2"]

1. d4 Nf6 2. c4 e6 3. Nf3 b6 4. g3 Bb7 5. Bg2 Be7 6. 0-0 0-0 7. Nc3 Ne4 8. Bd2 d6 9. d5 Nxd2 10. Nxd2 e5 11. b4 a5 12. bxa5 Rxa5 13. Nb3 Ra8 14. a4 Nd7 15. a5 Ba6 16. axb6 Bxc4 17. Na5 Nxb6 18. Nc6 Qd7 19. Qc2 g6 20. Rfb1 Rxa1 21. Rxa1 Ra8 22. Rxa8+ Nxa8 23. Na4 Bb5 24. Nc3 Bc4 25. Na4 Bb5 26. Nc3 Bc4 27. Bf3 Nb6 28. Na4 Bb5 29. Nxb6 cxb6 30. Qb3 Bxc6 31. dxc6 Qc7 32. Bd5 Bd8 1/2-1/2

[Event "CHN-ch Gp-B"]
[Site "Liaocheng"]
[Date "2024.04.21"]
[Round "2"]
[White "Chan, Wang Ip Boris"]
[Black "Liu, Zhengcheng"]
[Result "1-0"]
[WhiteElo "2011"]
[BlackElo "1737"]
[PlyCount "169"]
[EventDate "2024.04.21"]
[EventType "swiss"]
[EventRounds "11"]
[EventCountry "CHN"]
[SourceTitle "CB18_2024"]
[SourceDate "2024.05.01"]
[SourceVersion "1"]
[SourceVersionDate "2024.05.01"]
[SourceQuality "2"]

1. e4 c5 2. Nf3 d6 3. d4 Nf6 4. dxc5 Nxe4 5. cxd6 Nxd6 6. Bd3 Nc6 7. 0-0 g6 8. c4 Bg7 9. Nc3 0-0 10. Re1 Nb4 11. Be2 Bf5 12. Nh4 Be6 13. Qa4 Na6 14. Be3 Bf6 15. c5 Bd7 16. Qa3 Nxc5 17. Nxg6 hxg6 18. Bxc5 Be6 19. Rad1 Qc7 20. Rxd6 exd6 21. Bxd6 Qb6 22. Bc5 Qd8 23. Rd1 Qc8 24. Ne4 Bg7 25. Bxf8 Qxf8 26. Qxf8+ Kxf8 27. b3 Rc8 28. Bd3 Rd8 29. Kf1 b6 30. f3 Be5 31. g3 a5 32. Ke2 Ke7 33. Rc1 Rh8 34. Rh1 Bf5 35. Kf2 Bd4+ 36. Ke2 Be5 37. Nf2 Be6 38. f4 Bd4 39. h4 Rd8 40. Rd1 Rd6 41. Rd2 Rd8 42. Kf3 Bc5 43. Ne4 Bb4 44. Rd1 f5 45. Nf2 Bd5+ 46. Ke2 Kf8 47. Bb5 Rd6 48. Nd3 Ba3 49. Ne5 Ke7 50. Bc4 Bxc4+ 51. Nxc4 Rxd1 52. Kxd1 Bc5 53. Ke2 Kf6 54. Kf3 Bd4 55. Nd2 b5 56. a4 bxa4 57. bxa4 Ke6 58. Nc4 Bc3 59. g4 fxg4+ 60. Kxg4 Kf6 61. Kf3 Be1 62. Kg4 Bc3 63. Ne3 Kf7 64. Nd5 Bd2 65. Nb6 Bc3 66. Nc4 Kg7 67. Ne5 Bb4 68. Nc6 Bc3 69. Na7 Kf7 70. Nb5 Bb4 71. Nc7 Bd6 72. Nd5 Ke6 73. Ne3 Kf7 74. Nc4 Bb4 75. f5 gxf5+ 76. Kxf5 Ke7 77. h5 Bc3 78. h6 Kf7 79. Nd6+ Ke7 80. Ne4 Bb2 81. Kg6 Bd4 82. h7 Ke6 83. Nc5+ Bxc5 84. h8Q Bb4 85. Qh5 1-0

[Event "Eastern Asia-ch U14 7th"]
[Site "Hainan"]
[Date "2023.08.05"]
[Round "3"]
[White "Zhou, Yuxu"]
[Black "Chan, Wang Ip Boris"]
[Result "1-0"]
[WhiteElo "1374"]
[BlackElo "1618"]
[PlyCount "121"]
[EventDate "2023.08.04"]
[EventType "swiss"]
[EventRounds "9"]
[EventCountry "CHN"]
[SourceTitle "EXT 2024"]
[Source "ChessBase"]
[SourceDate "2023.10.10"]
[SourceVersion "1"]
[SourceVersionDate "2023.10.10"]
[SourceQuality "1"]

1. d4 Nf6 2. c4 e6 3. Nc3 Bb4 4. f3 c5 5. d5 b5 6. e4 d6 7. Bd2 a6 8. a4 bxc4 9. Bxc4 Nbd7 10. dxe6 fxe6 11. Bxe6 Ne5 12. Bxc8 Rxc8 13. Bf4 Qe7 14. Nge2 c4 15. Bxe5 dxe5 16. 0-0 0-0 17. Kh1 Rfd8 18. Qc2 Rd3 19. Rad1 Bxc3 20. Nxc3 Rd4 21. Ne2 Rxd1 22. Rxd1 Qc5 23. Nc3 Kh8 24. Qe2 Qb4 25. Rd2 Nh5 26. Qd1 h6 27. Nd5 Qb3 28. Ne7 Qxd1+ 29. Rxd1 Rb8 30. Ng6+ Kh7 31. Nxe5 Rxb2 32. Nxc4 Rb4 33. Nd6 Rxa4 34. e5 Ra2 35. g3 Rf2 36. f4 Re2 37. Rd4 g5 38. Ra4 gxf4 39. gxf4 Kg7 40. Nf5+ Kg6 41. Nh4+ Kg7 42. Ng2 Rb2 43. Kg1 Rb6 44. Kf2 Kf7 45. Kf3 Ng7 46. Ne3 Ne6 47. h4 Nc5 48. Rc4 Rc6 49. Nf5 h5 50. Nd6+ Ke7 51. Ne4 Ne6 52. Rxc6 Nd4+ 53. Ke3 Nxc6 54. Nc5 a5 55. Ke4 Kf7 56. Kf5 Nd4+ 57. Ke4 Nc6 58. f5 Nb4 59. f6 Nc6 60. Kd5 Nb4+ 61. Kd6 1-0

[Event "Sheikh Kamal Online Inv"]
[Site "Tornelo INT"]
[Date "2021.08.28"]
[Round "5"]
[White "Noshin, Anjum"]
[Black "Chan, Wang Ip Boris"]
[Result "1-0"]
[WhiteElo "2004"]
[BlackElo "1311"]
[PlyCount "129"]
[EventDate "2021.08.27"]
[EventType "tourn (rapid)"]
[EventRounds "9"]
[EventCountry "BAN"]
[SourceTitle "CBM 204 Extra"]
[Source "ChessBase"]
[SourceDate "2021.11.30"]
[SourceVersion "1"]
[SourceVersionDate "2021.11.30"]
[SourceQuality "1"]

1. e4 c5 2. Nf3 d6 3. d4 cxd4 4. Nxd4 Nf6 5. Nc3 a6 6. f3 e5 7. Nb3 Be7 8. Be3 Be6 9. Qd2 Nbd7 10. g4 b5 11. g5 Nh5 12. h4 0-0 13. 0-0-0 Rc8 14. Kb1 Nb6 15. Qf2 Nc4 16. Bxc4 Rxc4 17. Nd2 Rc6 18. Nf1 Rxc3 19. bxc3 Qa5 20. Kc1 Qa3+ 21. Kd2 Rc8 22. Ke1 Qxc3+ 23. Qd2 Qxc2 24. Rc1 Qxc1+ 25. Qxc1 Rxc1+ 26. Bxc1 Bxa2 27. Rh2 Bc4 28. Ne3 Nf4 29. Nxc4 Nd3+ 30. Kd1 bxc4 31. Rc2 Nxc1 32. Rxc1 f6 33. gxf6 Bxf6 34. h5 g6 35. hxg6 hxg6 36. Rxc4 a5 37. Rc6 Be7 38. Ra6 Kf7 39. Rxa5 Kf6 40. Ke2 Ke6 41. Ra1 d5 42. Ra6+ Bd6 43. exd5+ Kxd5 44. Kd3 g5 45. Ra5+ Bc5 46. Ra8 Ke6 47. Ke4 Be7 48. Ra6+ Bd6 49. Rb6 Kd7 50. Kf5 Kc7 51. Rb1 Kc6 52. Kxg5 Kc7 53. Kf5 Kc6 54. Rd1 Kc7 55. Ke6 Bc5 56. Kxe5 Bf2 57. f4 Bg3 58. Ke4 Bh4 59. f5 Be7 60. Ke5 Bb4 61. Ke6 Bc5 62. f6 Bf8 63. f7 Bb4 64. Rh1 Bf8 65. Rh8 1-0

[Event "Sheikh Kamal Online Inv"]
[Site "Tornelo INT"]
[Date "2021.08.27"]
[Round "1"]
[White "Chan, Wang Ip Boris"]
[Black "Md Abu, Hanif"]
[Result "1/2-1/2"]
[WhiteElo "1311"]
[BlackElo "2045"]
[PlyCount "83"]
[EventDate "2021.08.27"]
[EventType "tourn (rapid)"]
[EventRounds "9"]
[EventCountry "BAN"]
[SourceTitle "CBM 204 Extra"]
[Source "ChessBase"]
[SourceDate "2021.11.30"]
[SourceVersion "1"]
[SourceVersionDate "2021.11.30"]
[SourceQuality "1"]

1. e4 e6 2. d4 d5 3. Nc3 Nf6 4. Bg5 Be7 5. e5 Ng8 6. Be3 a6 7. Bd3 c5 8. Nf3 cxd4 9. Nxd4 Nc6 10. f4 g6 11. Nce2 Bd7 12. 0-0 Nh6 13. h3 Nf5 14. Bxf5 gxf5 15. Kh2 h5 16. c3 h4 17. a4 Na5 18. b3 Rc8 19. Qd3 Nc6 20. Nxc6 Rxc6 21. Nd4 Rc8 22. b4 Rc4 23. Nb3 Rg8 24. Bd4 b6 25. Nd2 Rg3 26. Rf3 Rxf3 27. Qxf3 Rc8 28. Qe3 Rb8 29. Qd3 b5 30. axb5 Bxb5 31. Qe3 Qc7 32. Nb3 Rc8 33. Nc5 Bxc5 34. Bxc5 Kd7 35. Qf3 Kc6 36. Qh5 Kb7 37. Qxh4 Rg8 38. Qf2 Bc6 39. Qe2 Bb5 40. Qf2 Bc6 41. Qe2 Bb5 42. Qf2 1/2-1/2